| 000 | 00556nam a2200169 i 4500 | ||
|---|---|---|---|
| 001 | 91418 | ||
| 003 | ES-MaACL | ||
| 007 | t| | ||
| 008 | 050131s1982 sp ||||1| spa d | ||
| 100 | 1 |
_aLevine, Ira N. _971976 |
|
| 245 | 1 | 0 |
_aQuímica cuántica / _cIra N. Levine ; [traducción, Antonio Fuster Ortigosa, alberto Requena Rodríguez]. |
| 260 |
_aMadrid : _bAC, _c[1982] |
||
| 300 |
_aXIII, 615 p. : _bil. ; _c21 cm. |
||
| 700 | 1 |
_aFuster Ortigosa, Antonio. _953088 |
|
| 700 | 1 |
_aRequena Rodríguez, Alberto. _996307 |
|
| 852 |
_aES-MaACL _jL-7146 _bR.107958 |
||
| 999 |
_c91418 _d91418 |
||